[Event "HUN-chT2 Asztalos 1617"]
[Site "Hungary"]
[Date "2016.09.25"]
[Round "1.10"]
[White "Konya, Attila Sr"]
[Black "Pap, Bela"]
[Result "1-0"]
[WhiteElo "1866"]
[BlackElo "1624"]
[PlyCount "41"]
[EventDate "2016.09.25"]
[EventType "team-tourn"]
[EventRounds "11"]
[EventCountry "HUN"]
[SourceTitle "EXT 2021"]
[Source "ChessBase"]
[SourceDate "2020.10.23"]
[SourceVersion "1"]
[SourceVersionDate "2020.10.23"]
[SourceQuality "1"]
[WhiteTeam "Pecs Karmin"]
[BlackTeam "Sarosd"]
[WhiteTeamCountry "HUN"]
[BlackTeamCountry "HUN"]

1. e4 c5 2. Nf3 d6 3. d4 cxd4 4. Nxd4 Nf6 5. Nc3 e6 6. Be3 a6 7. f3 g6 8. Qd2 Bg7 9. g4 Bd7 10. h4 Qc7 11. h5 Nc6 12. 0-0-0 0-0-0 13. Kb1 Ne5 14. h6 Bf8 15. g5 Nh5 16. f4 Nc6 17. Qf2 Re8 18. Be2 d5 19. exd5 exd5 20. Nxd5 Qa5 21. Nb3 1-0

[Event "HUN-chT2 Asztalos 1516"]
[Site "Hungary"]
[Date "2016.04.17"]
[Round "11.5"]
[White "Mitrics, Milutin"]
[Black "Pap, Bela"]
[Result "1-0"]
[WhiteElo "2026"]
[BlackElo "1625"]
[PlyCount "111"]
[EventDate "2015.09.13"]
[EventType "team-tourn"]
[EventRounds "11"]
[EventCountry "HUN"]
[SourceTitle "EXT 2017"]
[Source "ChessBase"]
[SourceDate "2016.10.25"]
[SourceVersion "1"]
[SourceVersionDate "2016.10.25"]
[SourceQuality "1"]
[WhiteTeam "Pecs Karmin"]
[BlackTeam "Sarosd"]
[WhiteTeamCountry "HUN"]
[BlackTeamCountry "HUN"]

1. d4 d5 2. Nf3 Nf6 3. Bf4 b6 4. e3 Bb7 5. Bd3 e6 6. Nbd2 Nbd7 7. Qe2 Be7 8. Ne5 a6 9. h4 c5 10. c3 Nxe5 11. dxe5 Nd7 12. Qg4 g6 13. Nf3 Qc7 14. 0-0 0-0-0 15. Rfc1 h6 16. Bg3 Rhg8 17. Qf4 Rdf8 18. Qxh6 Qd8 19. Qf4 f6 20. exf6 Bxf6 21. Qd6 Be7 22. Qxe6 Rf6 23. Qg4 c4 24. Be2 Rf5 25. Nd4 Rf6 26. Ne6 Qe8 27. Rd1 Bf8 28. Nf4 Rf5 29. Qh3 Qf7 30. Bg4 Rf6 31. Be6 Rxe6 32. Qxe6 Qxe6 33. Nxe6 Be7 34. Rd2 Nf6 35. f3 Kd7 36. Nf4 g5 37. hxg5 Rxg5 38. Bh4 Rf5 39. g4 Re5 40. Re1 Ke8 41. Ng6 Re6 42. Nxe7 Kxe7 43. Rd4 Kd7 44. Bxf6 Rxf6 45. Kg2 Ke6 46. Kg3 a5 47. Rh1 b5 48. g5 Rg6 49. Rh6 Kf5 50. Rxg6 Kxg6 51. Kf4 b4 52. e4 bxc3 53. bxc3 dxe4 54. fxe4 a4 55. Rd6+ Kh5 56. Rh6# 1-0

[Event "HUN-chT2 Asztalos 1516"]
[Site "Hungary"]
[Date "2016.04.03"]
[Round "10.5"]
[White "Pap, Bela"]
[Black "Birkas, Gyorgy"]
[Result "0-1"]
[WhiteElo "1625"]
[BlackElo "2012"]
[PlyCount "74"]
[EventDate "2015.09.13"]
[EventType "team-tourn"]
[EventRounds "11"]
[EventCountry "HUN"]
[SourceTitle "EXT 2017"]
[Source "ChessBase"]
[SourceDate "2016.10.25"]
[SourceVersion "1"]
[SourceVersionDate "2016.10.25"]
[SourceQuality "1"]
[WhiteTeam "Sarosd"]
[BlackTeam "Kaposvar Bastya"]
[WhiteTeamCountry "HUN"]
[BlackTeamCountry "HUN"]

1. d4 Nf6 2. Bf4 d6 3. Nf3 g6 4. h3 Bg7 5. Nc3 0-0 6. e4 c6 7. Qd2 b5 8. a3 a5 9. Bd3 Bb7 10. 0-0 Nbd7 11. Ne2 c5 12. c3 c4 13. Bc2 Bxe4 14. Bxe4 Nxe4 15. Qe3 Ndf6 16. Rae1 Qd7 17. Ng3 Nxg3 18. fxg3 Nd5 19. Qe4 e6 20. Bd2 Rab8 21. Qh4 f6 22. Bh6 e5 23. Bxg7 Qxg7 24. g4 Nf4 25. g5 f5 26. dxe5 Nd3 27. Re2 dxe5 28. g4 Qa7+ 29. Kh1 Qb7 30. gxf5 Rxf5 31. Qg4 Rbf8 32. Re3 Qd5 33. Kh2 Rf4 34. Qg2 e4 35. Nd2 Rxf1 36. Nxf1 Rf2 37. Rxd3 Rxg2+ 0-1

[Event "Fejer County-chT 1213"]
[Site "Fejer Region"]
[Date "2013.02.16"]
[Round "5.21"]
[White "Pap, Bela"]
[Black "Benedek, Kata"]
[Result "1/2-1/2"]
[WhiteElo "1702"]
[BlackElo "1719"]
[PlyCount "49"]
[EventDate "2012.11.03"]
[EventType "team-tourn"]
[EventRounds "7"]
[EventCountry "HUN"]
[SourceTitle "EXT 2019"]
[Source "ChessBase"]
[SourceDate "2018.10.10"]
[SourceVersion "1"]
[SourceVersionDate "2018.10.10"]
[SourceQuality "1"]
[WhiteTeam "Sarosd"]
[BlackTeam "Bodajk"]
[WhiteTeamCountry "HUN"]
[BlackTeamCountry "HUN"]

1. b3 e5 2. e4 Nf6 3. Nc3 Bc5 4. Nf3 d6 5. h3 Nc6 6. Bb5 Be6 7. 0-0 Qd7 8. Ng5 0-0-0 9. Ne2 h6 10. Nxe6 fxe6 11. d4 exd4 12. Nxd4 Nxe4 13. Nxc6 bxc6 14. Ba6+ Kb8 15. b4 Bb6 16. a4 Rhf8 17. Be3 Bxe3 18. fxe3 Ng3 19. Rf3 Nf5 20. Qf1 Nxe3 21. Qf2 Rxf3 22. Qxf3 Nd5 23. b5 Nb4 24. bxc6 Qxc6 25. Qxc6 1/2-1/2